• 首页
  • 本馆介绍
  • 公告通知
  • 最新文献
  • 馆藏检索
  • 电子资源
  • 读者导购
  • 参考咨询
  • 我的图书馆
  • 登录
  • 详细信息显示
  • 放入我的书架
  • 预约/预借图书
  • 作者相关作品
  • 分类相关作品
  • 丛书相关作品
  • 出版社相关作品

书目信息

  • 表格格式
  • 工作单格式
  • 卡片格式
题名:
小学班集体建设与活动
    
 
作者: 柯晓扬 主编
分册:  
出版信息: 南京   南京师范大学出版社  1999
页数: 18,312页
开本: 20cm
丛书名: 21世纪班主任文库
单 册:
中图分类: G622.42
科图分类:
主题词: 班级--建设--小学--教学参考资料
电子资源:
ISBN: 7-81047-300-X
000 00685nam2 2200229 450
001 1536741793
005 20150125153641.06
010    @a7-81047-300-X@dCNY12.00
100    @a20021005d1999 emky0chiy0110 ea
101 0  @achi
102    @aCN@b320000
105    @ay z 000yy
200 1  @a小学班集体建设与活动@9xiao xue ban ji ti jian she yu huo dong@f柯晓扬主编
210    @a南京@c南京师范大学出版社@d1999
215    @a18,312页@d20cm
225 2  @a21世纪班主任文库@i小学卷
461  0 @12001 @a21世纪班主任文库
606 0  @a班级@x建设@x小学@x教学参考资料
690    @aG622.42@v5
701  0 @a柯晓扬@9ke xiao yang@4主编
801  0 @aCN@bTSSF@c20150125
905    @aZUCC@dG622.42@eJY1
    
    小学班集体建设与活动/柯晓扬主编.-南京:南京师范大学出版社,1999
    18,312页;20cm.-(21世纪班主任文库.小学卷)
    
    
    ISBN 7-81047-300-X:CNY12.00
    
●
相关链接 在E读中查询图书 在五车中查询图书 在当当中查询图书 在豆瓣中查询图书


正题名:小学班集体建设与活动     索取号:G622.42/JY1         预约/预借

序号 登录号 条形码 馆藏地/架位号 状态 备注
1 7845207   278452078   学院路分馆/ [索取号:G622.42/JY1] 在馆    
2 7858734   278587343   学院路分馆/ [索取号:G622.42/JY1] 在馆    
唐山师范学院图书馆 欢迎您!
大连网信软件有限公司© 版权所有